Análisis del contexto y aplicación de un plan de medicación estandarizado entre el personal de enfermería en un hospital universitario en Suiza (notice n° 1701774)

détails MARC
000 -LEADER
fixed length control field 02023cam a2200193 4500500
005 - DATE AND TIME OF LATEST TRANSACTION
control field 20260315012524.0
041 ## - LANGUAGE CODE
Language code of text/sound track or separate title fre
042 ## - AUTHENTICATION CODE
Authentication code dc
100 10 - MAIN ENTRY--PERSONAL NAME
Personal name Castro, Cindy
Relator term author
245 00 - TITLE STATEMENT
Title Análisis del contexto y aplicación de un plan de medicación estandarizado entre el personal de enfermería en un hospital universitario en Suiza
260 ## - PUBLICATION, DISTRIBUTION, ETC.
Date of publication, distribution, etc. 2025.<br/>
500 ## - GENERAL NOTE
General note 18
520 ## - SUMMARY, ETC.
Summary, etc. Introducción: El uso de un plan de medicación estandarizado (PMS) permite mejorar la atención farmacológica previa al alta de los pacientes y su autogestión de los medicamentos. Objetivos: Evaluar el contexto de una unidad hospitalaria en cuanto a las barreras y los facilitadores para aplicar un PMS (objetivo 1) y evaluar el proceso de implantación en términos de aceptabilidad, viabilidad y fidelidad (objetivo 2). Método: Estudio de implantación basado en un diseño de viabilidad de tipo «pre-post». Los datos se recopilaron entre el personal de enfermería en tres momentos distintos (antes [TO], durante [T1] y después de la implantación [T2]), e incluyeron grupos focales y cuestionarios. Se realizaron análisis estadísticos descriptivos y un análisis temático rápido. Resultados: Se identificaron obstáculos y facilitadores para la aplicación de este plan. El PMS muestra un valor añadido. Sin embargo, su viabilidad sigue siendo limitada, lo que se traduce en un bajo nivel de fidelidad con el tratamiento. Discusión: Si bien el PMS tiene el potencial de apoyar la atención de enfermería farmacológica para preparar el alta de los pacientes, se deben reducir los obstáculos y adaptar su procedimiento de uso para lograr su implantación en situaciones reales.
700 10 - ADDED ENTRY--PERSONAL NAME
Personal name Gentizon, Jenny
Relator term author
700 10 - ADDED ENTRY--PERSONAL NAME
Personal name Lecoultre, Claudia
Relator term author
700 10 - ADDED ENTRY--PERSONAL NAME
Personal name Gerber, Anne
Relator term author
786 0# - DATA SOURCE ENTRY
Note Recherche en soins infirmiers | 162 | 3 | 2025-11-06 | p. 26-41 | 0297-2964
856 41 - ELECTRONIC LOCATION AND ACCESS
Uniform Resource Identifier <a href="https://stm.cairn.info/revista-recherche-en-soins-infirmiers-2025-3-page-26?lang=es&redirect-ssocas=7080">https://stm.cairn.info/revista-recherche-en-soins-infirmiers-2025-3-page-26?lang=es&redirect-ssocas=7080</a>

Pas d'exemplaire disponible.

PLUDOC

PLUDOC est la plateforme unique et centralisée de gestion des bibliothèques physiques et numériques de Guinée administré par le CEDUST. Elle est la plus grande base de données de ressources documentaires pour les Étudiants, Enseignants chercheurs et Chercheurs de Guinée.

Adresse

627 919 101/664 919 101

25 boulevard du commerce
Kaloum, Conakry, Guinée

Réseaux sociaux

Powered by Netsen Group @ 2025